书目信息 |
| 题名: |
中国地暖实木地板消费指南
|
|
| 作者: | 刘彬彬 , 方崇荣 主编 | |
| 分册: | ||
| 出版信息: | 北京 中国林业出版社 2018.11 |
|
| 页数: | 214页 | |
| 开本: | 26cm | |
| 丛书名: | 中国家居消费指南系列丛书 | |
| 单 册: | ||
| 中图分类: | TU531.1-62 | |
| 科图分类: | ||
| 主题词: | 辐射采暖--fu she cai nuan--实木地板--中国--指南 | |
| 电子资源: | ||
| ISBN: | 978-7-5038-9717-7 | |
| 000 | 01281nam 2200301 450 | |
| 001 | 0106081734 | |
| 005 | 20201106082042.0 | |
| 010 | @a978-7-5038-9717-7@dCNY88.00 | |
| 100 | @a20181129d2018 em y0chiy50 ea | |
| 101 | 0 | @achi |
| 102 | @aCN@b110000 | |
| 105 | @aa z 000yy | |
| 106 | @ar | |
| 200 | 1 | @a中国地暖实木地板消费指南@Azhong guo di nuan shi mu di ban xiao fei zhi nan@f刘彬彬, 方崇荣主编 |
| 210 | @a北京@c中国林业出版社@d2018.11 | |
| 215 | @a214页@c图@d26cm | |
| 225 | 2 | @a中国家居消费指南系列丛书@Azhong guo jia ju xiao fei zhi nan xi lie cong shu |
| 300 | @a中华木作国家经典出版工程 | |
| 312 | @a封面英文题名:China consumer guide to solid wood flooring with ground heating system | |
| 330 | @a本书分为九章,内容包括:中国实木地板发展概况;地面辐射供暖;地暖实木地板的优势表现;地暖实木地板用木材和涂料;地暖实木地板生产流程与加工工艺;地暖实木地板主流技术等。 | |
| 461 | 0 | @12001 @a中国家居消费指南系列丛书 |
| 510 | 1 | @aChina consumer guide to solid wood flooring with ground heating system@zeng |
| 606 | 0 | @a辐射采暖@Afu she cai nuan@x实木地板@y中国@j指南 |
| 690 | @aTU531.1-62@v5 | |
| 701 | 0 | @a刘彬彬@Aliu bin bin@4主编 |
| 701 | 0 | @a方崇荣@Afang chong rong@4主编 |
| 801 | 0 | @aCN@bBJSZM@c20201106 |
| 905 | @b1190256-9@dTU531.1-62@e1634@f4 | |
| 中国地暖实木地板消费指南/刘彬彬, 方崇荣主编.-北京:中国林业出版社,2018.11 |
| 214页:图;26cm.-(中国家居消费指南系列丛书) |
| 中华木作国家经典出版工程 |
| ISBN 978-7-5038-9717-7:CNY88.00 |
| 本书分为九章,内容包括:中国实木地板发展概况;地面辐射供暖;地暖实木地板的优势表现;地暖实木地板用木材和涂料;地暖实木地板生产流程与加工工艺;地暖实木地板主流技术等。 |
| ● |
| 相关链接 |
|
|
|
|
正题名:中国地暖实木地板消费指南
索取号:TU531.1-62/1634
 
预约/预借
| 序号 | 登录号 | 条形码 | 馆藏地/架位号 | 状态 | 备注 |
| 1 | 1190256 | 211902565 | 第二样本阅览室/ [索取号:TU531.1-62/1634] | 在馆 | |
| 2 | 1190257 | 211902574 | 第三借阅区/ [索取号:TU531.1-62/1634] | 在馆 | |
| 3 | 1190258 | 211902583 | 第三借阅区/ [索取号:TU531.1-62/1634] | 在馆 | |
| 4 | 1190259 | 211902592 | 第三借阅区/ [索取号:TU531.1-62/1634] | 在馆 |